Priame zahraničné investície a environmentálne dane

Model Stählera a De Santisa poukazuje na vzťah medzi priamymi zahraničnými investíciami a environmentálnymi daňami. Skúma blahobyt v krajinách pri neexistencii priamych zahraničných investícií a existencii iba obchodu medzi krajinami alebo existencii priamych zahraničných investícií – unilaterálnych...

Description complète

Enregistré dans:
Détails bibliographiques
Auteur principal: Darmo, Martin
Format: Chapitre de livre
Langue:slovaque
Sujets:
Tags: Ajouter un tag
Pas de tags, Soyez le premier à ajouter un tag!

MARC

LEADER 00000nla$a2200000$$$4500
001 0147733
005 20240502072651.0
041 0 |a slo 
044 |a SK 
245 1 0 |a Priame zahraničné investície a environmentálne dane  |c Martin Darmo 
520 |a Model Stählera a De Santisa poukazuje na vzťah medzi priamymi zahraničnými investíciami a environmentálnymi daňami. Skúma blahobyt v krajinách pri neexistencii priamych zahraničných investícií a existencii iba obchodu medzi krajinami alebo existencii priamych zahraničných investícií – unilaterálnych a bilaterálnych. Ďalej poukazuje na veľkosť environmentálnej dane v porovnaní s Pigouskou daňou v domácej a zahraničnej krajine. 
610 2 0 |a investície priame zahraničné 
610 2 0 |a dane ekologické 
610 2 0 |a obchod 
610 2 0 |a modely 
610 2 0 |a modelovanie 
610 2 0 |a výroba 
610 2 0 |a spotreba 
610 2 0 |a zisk 
610 2 0 |a rovnováha trhová 
610 2 0 |a blahobyt 
100 1 |a Darmo, Martin